00633cam a2200193 a 450000100100000000500170001000800410002704000250006808200240009310000330011724500410015026000620019130000210025349000420027450000320031665000220034865000260037083000430039600002361220200930022340.0810910s1944 ag 001 f spa d aDO-SdBNPbspacBNPHU a863.62bL579c, 19601 aLeón, Ricardo,d1877-1943.10aCasta de hidalgos /cRicardo León. aBuenos Aires, Argentina :bEspasa Calpe Argentina,c1944. a230 p. ;c18 cm.1 aAustral. Azul: novelas y cuentosv481 aIncluye índice de autores 4aNovela española 4aLiteratura española 0aAustral.pAzul: novelas y cuentosv481